<?xml version="1.0" encoding="UTF-8"?><?xml-stylesheet type="text/xsl" href="static/style.xsl"?><OAI-PMH xmlns="http://www.openarchives.org/OAI/2.0/" xmlns:xsi="http://www.w3.org/2001/XMLSchema-instance" xsi:schemaLocation="http://www.openarchives.org/OAI/2.0/ http://www.openarchives.org/OAI/2.0/OAI-PMH.xsd"><responseDate>2026-06-01T20:26:54Z</responseDate><request verb="GetRecord" identifier="oai:riubu.ubu.es:10259/5712" metadataPrefix="marc">https://riubu.ubu.es/oai/request</request><GetRecord><record><header><identifier>oai:riubu.ubu.es:10259/5712</identifier><datestamp>2024-07-25T07:23:47Z</datestamp><setSpec>com_10259_9476</setSpec><setSpec>com_10259.4_106</setSpec><setSpec>com_10259_2604</setSpec><setSpec>col_10259_9477</setSpec></header><metadata><record xmlns="http://www.loc.gov/MARC21/slim" xmlns:doc="http://www.lyncode.com/xoai" xmlns:xsi="http://www.w3.org/2001/XMLSchema-instance" xmlns:dcterms="http://purl.org/dc/terms/" xsi:schemaLocation="http://www.loc.gov/MARC21/slim http://www.loc.gov/standards/marcxml/schema/MARC21slim.xsd">
<leader>00925njm 22002777a 4500</leader>
<datafield tag="042" ind1=" " ind2=" ">
<subfield code="a">dc</subfield>
</datafield>
<datafield tag="720" ind1=" " ind2=" ">
<subfield code="a">Nieves Cordones, Pablo</subfield>
<subfield code="e">author</subfield>
</datafield>
<datafield tag="720" ind1=" " ind2=" ">
<subfield code="a">Arapan, Sergiu</subfield>
<subfield code="e">author</subfield>
</datafield>
<datafield tag="720" ind1=" " ind2=" ">
<subfield code="a">Schrefl, T.</subfield>
<subfield code="e">author</subfield>
</datafield>
<datafield tag="720" ind1=" " ind2=" ">
<subfield code="a">Cuesta López, Santiago</subfield>
<subfield code="e">author</subfield>
</datafield>
<datafield tag="260" ind1=" " ind2=" ">
<subfield code="c">2017-12</subfield>
</datafield>
<datafield tag="520" ind1=" " ind2=" ">
<subfield code="a">In this work we develop an atomistic spin dynamics model for the ideal &#xd;
Mn&#xd;
50&#xd;
Al&#xd;
50&#xd;
τ&#xd;
-phase by means of first-principles calculations. The model is applied to study the domain wall and antiphase boundary phenomenology. In particular, it allows us to obtain the dependence on the interfacial exchange coupling of the nucleation and depinning fields, as well as the macroscopic magnetization profile across the antiphase boundary. We find that microscopic antiferromagnetic exchange coupling stronger than &#xd;
10&#xd;
meV&#xd;
 could unavoidably lead to the formation of a domain wall at the antiphase boundary.</subfield>
</datafield>
<datafield tag="024" ind2=" " ind1="8">
<subfield code="a">2469-9950</subfield>
</datafield>
<datafield tag="024" ind2=" " ind1="8">
<subfield code="a">http://hdl.handle.net/10259/5712</subfield>
</datafield>
<datafield tag="024" ind2=" " ind1="8">
<subfield code="a">10.1103/PhysRevB.96.224411</subfield>
</datafield>
<datafield tag="024" ind2=" " ind1="8">
<subfield code="a">2469-9969</subfield>
</datafield>
<datafield tag="245" ind1="0" ind2="0">
<subfield code="a">Atomistic spin dynamics simulations of the MnAl τ-phase and its antiphase boundary</subfield>
</datafield>
</record></metadata></record></GetRecord></OAI-PMH>